Statistics for Countries of North America - No Hints

Click here to take the quiz!

General Stats

  • This quiz has been taken 78 times
  • The average score is 21 of 23

Answer Stats

Country% Correct
Canada
100%
United States
100%
Mexico
99%
Panama
97%
Bahamas
96%
Costa Rica
96%
Cuba
96%
Honduras
96%
Belize
94%
Dominica
94%
Dominican Republic
93%
Guatemala
93%
Jamaica
93%
Nicaragua
93%
Barbados
91%
Haiti
91%
Saint Lucia
91%
Trinidad and Tobago
91%
Saint Kitts and Nevis
90%
Saint Vincent and the Grenadines
90%
El Salvador
89%
Antigua and Barbuda
84%
Grenada
84%

Score Distribution

Percentile by Number Answered

Percent of People with Each Score

Your Score History

You have not taken this quiz